LEADER 00836nam0-22002891i-450- 001 990000277450403321 005 20070222143734.0 035 $a000027745 035 $aFED01000027745 035 $a(Aleph)000027745FED01 035 $a000027745 100 $a20020821d1975----km-y0itay50------ba 101 0 $aita 105 $ay-------001yy 200 1 $aApplied Optimal Control. Optimization, Estimation, and Control$fBy Arthur E. Bryson jr., Yu-Chi Ho. 210 $aNew York$cWiley & Sons$d1975 215 $a481 p., ill., 24 cm 676 $a629 700 1$aBryson,$bArthur Earl$c$0298995 702 1$aHo,$bYu-Chi 801 0$aIT$bUNINA$gRICA$2UNIMARC 901 $aBK 912 $a990000277450403321 952 $a04 022-93$bCI 7181$fDINCH 959 $aDINCH 996 $aApplied optimal control$9117746 997 $aUNINA